Fundamentos de la sociometría /
Guardado en:
| Autor Principal: | |
|---|---|
| Formato: | Libro |
| Publicado: |
Buenos Aires :
Paidos,
1962
|
| Materias: | |
| Etiquetas: |
Agregar Etiqueta
Sin Etiquetas, Sea el primero en etiquetar este registro!
|
| LEADER | 01292nam a22002175a 4500 | ||
|---|---|---|---|
| 001 | CEM.cems004529 | ||
| 005 | 20060216000000.0 | ||
| 008 | 130507s1962##################000#0#####d | ||
| 003 | CEMS | ||
| 082 | 0 | 4 | |a 301 |
| 100 | 1 | |a Moreno, J. L. | |
| 245 | 1 | 0 | |a Fundamentos de la sociometría / |
| 260 | |a Buenos Aires : |b Paidos, |c 1962 | ||
| 300 | |a 443 p. | ||
| 505 | 0 | |a Factores en la vida social del hombre; Cultura: Contribución del factor biologico, Influencia del medio geografico; Comportamiento colectivo: Vida en el grupo, Multitudes y publicos, Estratificación social, Status, Acomodación y asimilación social; Personalidad: Factores constitutivos, Grupo y personalidad, Cultura y personalidad, Modelos culturales, Perturbaciónes de la personalidad; Distribución y crecimiento de la población; Organización de la sociedad: Instituciónes, Instituciónes económicas, Gobierno, Guerra y relaciónes internaciónales, Instituciónes religiosas, Familia; Crecimiento de la cultura; Influencia de la técnica; Desorganización social; Progreso social | |
| 653 | |a Conducta | ||
| 653 | |a Grupos sociales-evolucion | ||
| 653 | |a Sociedad | ||
| 653 | |a Sociometria | ||
| 859 | |a CEMS |b BIB. CEMS - 11 de abril |h 301 |i M815 |p 3881.75 |t Ej.2 | ||
| 859 | |a CEMS |b BIB. CEMS - 11 de abril |h 301 |i M815 |p 716.73 |t Ej.1 | ||
